000 00752nam a2200289Ia 4500
005 20260324143631.0
008 008 260324s9999 xx 000 0 eng d
020 _a9781315035987
037 _aEBOOK
040 _aCRL
040 _beng
040 _cCRL
041 _2eng
041 _aeng
084 _qCRL
100 _aZ.A. Konczacki; Jane L. Parpart; Timothy M. Shaw
_91216366
245 0 _aStudies in the Economic History of Southern Africa
245 0 _bVolume Two : South Africa, Lesotho and Swaziland
260 _bTaylor and Francis
260 _c1991
365 _a
365 _b250
856 _uhttp://www.taylorfrancis.com/books/9781315035987
942 _cEBOOK
999 _c1821972
_d1821972